| 000 | 01001nam a2200217Ia 4500 | ||
|---|---|---|---|
| 003 | IN-BaIIA | ||
| 008 | 211028s9999 xx 000 0 eng d | ||
| 020 | _a0-7923-0804-2 | ||
| 040 | _cIIA Library | ||
| 080 |
_a52(082.1) _bASS-163 |
||
| 111 |
_aInternational Astronomical Union Colloquium on Radio Recombination Lines, 25 Years of Investigation _n125th _cPuschino, USSR _d1989 Sep. 11-16 _916721 |
||
| 245 | 0 |
_aRadio recombination lines _bproceedings of the International Astronomical Union colloquium on radio recombination lines, 25 years of investigation, held in Puschino, USSR, 11-16 Sep 1989 _cedited byM. A. Gordon and R. L. Sorochenko |
|
| 260 |
_aDordrecht _bKluwer Academic _c1990 |
||
| 300 | _avii, 298p. | ||
| 490 | _aAstrophysics and space science library; v. 163 | ||
| 650 |
_aRadio astronomy _92849 |
||
| 650 |
_aRecombination lines _916722 |
||
| 700 |
_aGordon, M. A., ed. _97769 |
||
| 700 |
_aSorochenko, R. L., ed. _916723 |
||
| 942 | _cBK | ||
| 999 |
_c9864 _d9864 |
||